Meilleurs joueurs des 5 grands championnats des 10 dernières années - Statistiques

Statistiques générales
  • Ce quiz a été pris 230 fois
  • Le résultat moyen est 35 sur 54
Statistiques - réponses
Pays % Correct
Kylian Mbappé
98%
Kylian Mbappé
98%
Kylian Mbappé
98%
Lionel Messi
98%
Lionel Messi
98%
Lionel Messi
98%
Lionel Messi
98%
Lionel Messi
98%
Lionel Messi
98%
Cristiano Ronaldo
97%
Cristiano Ronaldo
97%
Robert Lewandowski
91%
Robert Lewandowski
91%
Neymar
88%
Zlatan Ibrahimović
88%
Zlatan Ibrahimović
88%
Zlatan Ibrahimović
88%
Karim Benzema
84%
Karim Benzema
84%
Mohamed Salah
84%
Mohamed Salah
84%
Edinson Cavani
82%
Kevin De Bruyne
76%
Kevin De Bruyne
76%
Kevin De Bruyne
76%
Robert Lewandowski
74%
Antoine Griezmann
67%
Luis Suárez
66%
Alexandre Lacazette
61%
Eden Hazard Non-attribué
61%
Eden Hazard
61%
Marco Reus
56%
Marco Reus
56%
Manuel Neuer
55%
Virgil van Dijk
49%
Riyad Mahrez
47%
Gianluigi Buffon
46%
N'Golo Kanté
46%
Paulo Dybala
46%
Romelu Lukaku
46%
Philipp Lahm
44%
Andrea Pirlo
42%
Andrea Pirlo
42%
Andrea Pirlo
42%
Rafael Leão
40%
Christopher Nkunku
38%
Robin van Persie
35%
Leonardo Bonucci
30%
Carlos Tévez
24%
Gareth Bale
24%
Jan Oblak
20%
Mauro Icardi
20%
Jerome Boateng
18%
Bastian Schweinsteiger
11%
Aucun quiz correspondant
Distribution des résultats
% des personnes avec chaque résultat
Percentile par nombre de réponses
Votre historique - résultats
Vous n’avez pas pris ce quiz